000 00438nam a2200145Ia 4500
008 090124s9999 xx 000 0 und d
082 _b302110
245 _a सैलानी (पोलिसकथा)
250 _a1
260 _bदिघे प्रभाकर
_c1988
300 _a112
630 _a सैलानी (पोलिसकथा)
730 _a सैलानी (पोलिसकथा)
942 _cBOOK
999 _c191712
_d191712